00545nam a22001937a 450000500170000001000150001702000260003203500130005803700130007108200120008410000140009624500650011026000300017527000750020530000250028050000400030570000030034570000030034820100821105358.0 aENG-101220 c200.00a9788190787864 aEN-84753 bDBAD/PUB a621.367 aDivya, N. aImage enhancement with weighted median filter /cby N. Divya aCnennaibBodhivanamc2007 aAhmed Complex Gr. Floor 12/293, Royapettah High Road bCnennaie600014 a100 p. c22cm (Pbk)  aIncludes bibliographical references